Management for engineers / (Record no. 70654)

000 -LEADER
fixed length control field 01005nam a2200313 a 4500
001 - CONTROL NUMBER
control field 4920000
003 - CONTROL NUMBER IDENTIFIER
control field NUST - PNEC
005 - DATE AND TIME OF LATEST TRANSACTION
control field 20170116181145.0
008 - FIXED-LENGTH DATA ELEMENTS--GENERAL INFORMATION
fixed length control field 940718s1994 enka b 001 0 eng d
010 ## - LIBRARY OF CONGRESS CONTROL NUMBER
LC control number 94238372
020 ## - INTERNATIONAL STANDARD BOOK NUMBER
International Standard Book Number 0750606738
035 ## - SYSTEM CONTROL NUMBER
System control number (OCoLC)30919640
040 ## - CATALOGING SOURCE
Original cataloging agency Uk
Transcribing agency LIBRARY
Modifying agency NN
-- DLC
042 ## - AUTHENTICATION CODE
Authentication code lccopycat
050 00 - LIBRARY OF CONGRESS CALL NUMBER
Classification number HD31
Item number .H4713 1994
082 00 - DEWEY DECIMAL CLASSIFICATION NUMBER
Classification number 658.002462 HEN
100 1# - MAIN ENTRY--PERSONAL NAME
Personal name Henderson, Steven.
245 10 - TITLE STATEMENT
Title Management for engineers /
Statement of responsibility, etc. Steven Henderson, Robert Illidge, Peter McHardy.
260 ## - PUBLICATION, DISTRIBUTION, ETC.
Place of publication, distribution, etc. Oxford :
Name of publisher, distributor, etc. Butterworth-Heinemann,
Date of publication, distribution, etc. 1994.
300 ## - PHYSICAL DESCRIPTION
Extent xii, 291 p. :
Other physical details ill. ;
Dimensions 25 cm.
504 ## - BIBLIOGRAPHY, ETC. NOTE
Bibliography, etc. note Includes bibliographical references and index.
650 #0 - SUBJECT ADDED ENTRY--TOPICAL TERM
Topical term or geographic name entry element Industrial management.
General subdivision MIS
650 #0 - SUBJECT ADDED ENTRY--TOPICAL TERM
Topical term or geographic name entry element Engineering
General subdivision Management.
700 1# - ADDED ENTRY--PERSONAL NAME
Personal name Illidge, Robert.
700 1# - ADDED ENTRY--PERSONAL NAME
Personal name McHardy, Peter.
906 ## - LOCAL DATA ELEMENT F, LDF (RLIN)
a 7
b cbc
c copycat
d 2
e ncip
f 19
g y-gencatlg
942 ## - ADDED ENTRY ELEMENTS (KOHA)
Source of classification or shelving scheme
Koha item type Book
Holdings
Withdrawn status Lost status Source of classification or shelving scheme Damaged status Not for loan Permanent Location Current Location Shelving location Date acquired Total Checkouts Full call number Barcode Date last seen Price effective from Koha item type
          Pakistan Navy Engineering College (PNEC) Pakistan Navy Engineering College (PNEC)       658.002462 HEN PNECLIB-018175 10/08/2015   Book
© 2023 Central Library, National University of Sciences and Technology. All Rights Reserved.